书目信息 |
| 题名: |
柯棣华大夫
|
|
| 作者: | ;盛贤功 执笔 ;解放军白求恩国际和平医院 编 | |
| 分册: | ||
| 出版信息: | 北京 人民出版社 1979 |
|
| 页数: | 197页 | |
| 开本: | 19cm | |
| 丛书名: | ||
| 单 册: | ||
| 中图分类: | I251 , K833.516.2 , K351.2 | |
| 科图分类: | ||
| 主题词: | 革命回忆录--中国 , 南亚--历史 | |
| 电子资源: | ||
| ISBN: | ||
| 000 | 00841nam0 2200289 45 | |
| 001 | 0179000522 | |
| 005 | 20040512094434.4 | |
| 010 | @dCNY0.51 | |
| 091 | @a3001.1704 | |
| 100 | @a19950720d1979 em y0chiy0121 ea | |
| 101 | 0 | @achi |
| 102 | @aCN@b110000 | |
| 105 | @af z 000zy | |
| 106 | @ar | |
| 200 | 10 | @a柯棣华大夫@Ake di hua dai fu@f中国人民解放军白求恩国际和平医院《柯棣华大夫》编写组编@g盛贤功执笔 |
| 210 | @a北京@c人民出版社@d1979 | |
| 215 | @a197页@c照片@d19cm | |
| 600 | 0 | @a柯棣华@x生平事迹 |
| 606 | @a革命回忆录@y中国 | |
| 606 | 0 | @a南亚@x历史 |
| 690 | @aI251@v3 | |
| 690 | @aK833.516.2@v3 | |
| 690 | @aK351.2 | |
| 702 | 0 | @a盛贤功@Asheng xian gong@4执笔 |
| 711 | 02 | @a解放军白求恩国际和平医院@Ajie fang jun bai qiu en guo ji he ping yi yuan@4编 |
| 801 | 0 | @aCN@bNLC@c20040512 |
| 905 | @f1@b26817@dK351.2@e2 | |
| 柯棣华大夫/中国人民解放军白求恩国际和平医院《柯棣华大夫》编写组编/盛贤功执笔.-北京:人民出版社,1979 |
| 197页:照片;19cm |
| ISBN :CNY0.51 |
| ● |
| 相关链接 |
|
|
|
|
正题名:柯棣华大夫
索取号:K351.2/2
 
预约/预借
| 序号 | 登录号 | 条形码 | 馆藏地/架位号 | 状态 | 备注 |
| 1 | 0026817 | 001395902 | 第二借阅区/ [索取号:K351.2/2] | 在馆 | |
| 2 | 0026818 | 202441624 | 第二样本阅览室/ [索取号:K351.2/2] | 在馆 |